| 000 | 00947nas a2200289 4500 | ||
|---|---|---|---|
| 001 | BR0400450 | ||
| 003 | BR-BrBNA | ||
| 005 | 20231205104307.0 | ||
| 007 | ta | ||
| 008 | 230509b bl.|||p| |||| 00| 00por d | ||
| 040 |
_aBR-BrBNA _bpor _cBiblioteca Nacional de Agricultura |
||
| 041 | _a(Pt) | ||
| 072 | _aF30; H10 | ||
| 100 | 1 | _aFavero, S. | |
| 100 | 1 | _aConte, C. de O. | |
| 100 | 1 | _aSilva, M.V. da | |
| 245 | 1 | _aResistência de duas populações de Spodoptera frugiperda Smith (lepidoptera: noctuidae)à deltametrina | |
| 650 | _aMILHO | ||
| 650 | _aLAGARTA | ||
| 650 | _aSPODOPTERA FRUGIPERDA | ||
| 650 | _aINSETICIDA PIRETRÓIDE | ||
| 650 | _aCONTROLE QUÍMICO | ||
| 650 | _aRESISTÊNCIA À PESTICIDA | ||
| 773 | 0 |
_tEnsaios e Ciências. Série Ciências Biológicas, Agrárias e da Saúde (Brazil) _xISSN 1415-6938 _g(Aug 2000), v. 4(2) p. 71-80 _wBR0400450 |
|
| 909 |
_a202311 _bLúcia _c55 _dLúcia Elande |
||
| 942 |
_2AGRIS _n0 _cANA |
||
| 999 |
_c177401 _d177401 |
||